[Event "English Womens Championship"]
[Site "Park Inn by Radisson, West Bromwich"]
[Date "2016.07.17"]
[Round "4.1"]
[White "Bhatia, Kanwal K"]
[Black "Longson, Sarah N"]
[Result "1-0"]
[BlackElo "2117"]
[WhiteElo "2099"]
[LiveChessVersion "1.4.8"]

1. e4 {[%clk 1:30:57]} e5 {[%clk 1:30:58]} 2. Nf3 {[%clk 1:31:21]} Nc6
{[%clk 1:31:25]} 3. Bc4 {[%clk 1:31:44]} Nf6 {[%clk 1:31:50]} 4. Ng5
{[%clk 1:31:56]} d5 {[%clk 1:32:06]} 5. exd5 {[%clk 1:32:20]} Na5
{[%clk 1:32:24]} 6. Bb5+ {[%clk 1:32:44]} c6 {[%clk 1:32:49]} 7. dxc6
{[%clk 1:33:10]} bxc6 {[%clk 1:33:16]} 8. Bd3 {[%clk 1:33:33]} Nd5
{[%clk 1:33:40]} 9. Nf3 {[%clk 1:33:37]} Bd6 {[%clk 1:33:24]} 10. O-O
{[%clk 1:33:01]} Nf4 {[%clk 1:33:45]} 11. Re1 {[%clk 1:29:53]} Nxd3
{[%clk 1:34:10]} 12. cxd3 {[%clk 1:30:20]} O-O {[%clk 1:34:23]} 13. Nc3
{[%clk 1:30:37]} f6 {[%clk 1:31:39]} 14. b3 {[%clk 1:23:07]} Ba6 {[%clk 1:28:54]}
15. d4 {[%clk 1:13:20]} exd4 {[%clk 1:27:56]} 16. Nxd4 {[%clk 0:52:48]} Bxh2+
{[%clk 1:27:35]} 17. Kxh2 {[%clk 0:53:14]} Qxd4 {[%clk 1:28:01]} 18. Qf3
{[%clk 0:52:04]} Rfe8 {[%clk 1:11:53]} 19. Re3 {[%clk 0:49:35]} Rxe3
{[%clk 1:06:27]} 20. Qxe3 {[%clk 0:44:00]} Qh4+ {[%clk 1:06:17]} 21. Kg1
{[%clk 0:44:08]} Qh5 {[%clk 1:01:03]} 22. Ba3 {[%clk 0:41:53]} Bc8
{[%clk 0:36:01]} 23. Ne4 {[%clk 0:28:23]} Bd7 {[%clk 0:26:36]} 24. Nd6
{[%clk 0:27:10]} c5 {[%clk 0:17:51]} 25. Qxc5 {[%clk 0:25:59]} Qxc5
{[%clk 0:18:16]} 26. Bxc5 {[%clk 0:26:25]} Nc6 {[%clk 0:18:17]} 27. d4
{[%clk 0:25:25]} a5 {[%clk 0:17:17]} 28. Nc4 {[%clk 0:24:26]} Be6
{[%clk 0:16:24]} 29. Nb6 {[%clk 0:21:57]} Rd8 {[%clk 0:16:33]} 30. Rd1
{[%clk 0:21:56]} Bd5 {[%clk 0:16:36]} 31. Nxd5 {[%clk 0:20:39]} Rxd5
{[%clk 0:17:03]} 32. a3 {[%clk 0:19:59]} Nd8 {[%clk 0:15:47]} 33. b4
{[%clk 0:18:55]} Ne6 {[%clk 0:14:17]} 34. Kf1 {[%clk 0:18:14]} Kf7
{[%clk 0:14:03]} 35. Ke2 {[%clk 0:17:57]} axb4 {[%clk 0:13:16]} 36. axb4
{[%clk 0:18:21]} g5 {[%clk 0:10:43]} 37. Ke3 {[%clk 0:15:37]} h5 {[%clk 0:09:24]}
38. Ke4 {[%clk 0:14:15]} Nc7 {[%clk 0:09:36]} 39. Bb6 {[%clk 0:12:26]} f5+
{[%clk 0:09:56]} 40. Kd3 {[%clk 0:12:39]} Rb5 {[%clk 0:08:39]} 41. Bxc7
{[%clk 0:12:50]} Rxb4 {[%clk 0:09:02]} 42. Re1 {[%clk 0:11:02]} g4
{[%clk 0:08:54]} 43. d5 {[%clk 0:10:29]} 1-0

[Event "English Womens Championship"]
[Site "Park Inn by Radisson, West Bromwich"]
[Date "2016.07.17"]
[Round "4.2"]
[White "Lauterbach, Ingrid"]
[Black "Sarakauskiene, Zivile"]
[Result "1-0"]
[BlackElo "2132"]
[WhiteElo "2107"]
[LiveChessVersion "1.4.8"]

1. Nf3 {[%clk 1:30:56]} Nf6 {[%clk 1:28:13]} 2. g3 {[%clk 1:31:20]} d5
{[%clk 1:19:29]} 3. Bg2 {[%clk 1:31:42]} c6 {[%clk 1:18:59]} 4. O-O
{[%clk 1:30:32]} Bg4 {[%clk 1:19:04]} 5. h3 {[%clk 1:29:39]} Bf5 {[%clk 1:17:09]}
6. d3 {[%clk 1:29:10]} h6 {[%clk 1:06:54]} 7. Nbd2 {[%clk 1:29:07]} Nbd7
{[%clk 0:57:33]} 8. b3 {[%clk 1:26:06]} e6 {[%clk 0:53:44]} 9. Bb2
{[%clk 1:25:35]} Be7 {[%clk 0:52:43]} 10. e4 {[%clk 1:16:10]} dxe4
{[%clk 0:45:52]} 11. dxe4 {[%clk 1:16:30]} Bh7 {[%clk 0:37:49]} 12. Qe2
{[%clk 1:03:18]} O-O {[%clk 0:36:54]} 13. e5 {[%clk 1:00:18]} Nd5
{[%clk 0:36:57]} 14. Ne4 {[%clk 0:59:16]} Nc5 {[%clk 0:34:10]} 15. Nxc5
{[%clk 0:55:55]} Bxc5 {[%clk 0:34:38]} 16. Rfd1 {[%clk 0:55:52]} Qb6
{[%clk 0:32:06]} 17. a3 {[%clk 0:55:36]} a5 {[%clk 0:31:55]} 18. Rac1
{[%clk 0:52:52]} Rfd8 {[%clk 0:26:53]} 19. Nd2 {[%clk 0:50:08]} Nc7
{[%clk 0:13:46]} 20. Ne4 {[%clk 0:47:21]} Bxe4 {[%clk 0:13:36]} 21. Bxe4
{[%clk 0:47:44]} Nb5 {[%clk 0:13:12]} 22. a4 {[%clk 0:45:31]} Nd4
{[%clk 0:10:38]} 23. Qe1 {[%clk 0:38:49]} Qa6 {[%clk 0:05:15]} 24. Kg2
{[%clk 0:38:46]} Qb6 {[%clk 0:04:12]} 25. g4 {[%clk 0:37:21]} Be7
{[%clk 0:03:00]} 26. f4 {[%clk 0:29:54]} c5 {[%clk 0:01:45]} 27. Qf2
{[%clk 0:27:59]} Rac8 {[%clk 0:00:33]} 28. Kh2 {[%clk 0:22:38]} Rc7
{[%clk 0:00:40]} 29. Rd2 {[%clk 0:18:45]} Rcd7 {[%clk 0:00:34]} 30. Rcd1
{[%clk 0:18:57]} g5 {[%clk 0:00:33]} 31. c3 {[%clk 0:18:01]} Qxb3
{[%clk 0:00:35]} 32. cxd4 {[%clk 0:18:07]} cxd4 {[%clk 0:00:56]} 33. Bd3
{[%clk 0:16:37]} Qxa4 {[%clk 0:01:01]} 34. Qe2 {[%clk 0:16:55]} Rd5
{[%clk 0:00:31]} 35. Qe4 {[%clk 0:16:15]} Kf8 {[%clk 0:00:46]} 36. Bc2
{[%clk 0:10:42]} Qb5 {[%clk 0:00:31]} 37. Bxd4 {[%clk 0:10:35]} gxf4
{[%clk 0:00:59]} 38. Bc3 {[%clk 0:09:32]} Bh4 {[%clk 0:00:37]} 39. Rxd5
{[%clk 0:08:05]} Bg3+ {[%clk 0:01:06]} 40. Kg2 {[%clk 0:08:24]} exd5
{[%clk 0:01:19]} 41. Qd3 {[%clk 0:07:41]} Qc6 {[%clk 0:00:43]} 42. Bxa5
{[%clk 0:06:27]} Rc8 {[%clk 0:00:34]} 43. Bb4+ {[%clk 0:05:11]} Ke8
{[%clk 0:00:47]} 44. Bb1 {[%clk 0:04:28]} Qb6 {[%clk 0:00:37]} 45. Be1
{[%clk 0:04:13]} Qb2+ {[%clk 0:00:33]} 46. Rd2 {[%clk 0:04:27]} Qc3
{[%clk 0:00:32]} 47. Bxg3 {[%clk 0:04:28]} fxg3 {[%clk 0:00:52]} 48. Qxd5
{[%clk 0:02:28]} Qc6 {[%clk 0:01:19]} 49. Qxc6+ {[%clk 0:02:13]} Rxc6
{[%clk 0:01:01]} 50. Kxg3 {[%clk 0:02:20]} f6 {[%clk 0:00:37]} 51. Bf5
{[%clk 0:01:55]} Rc3+ {[%clk 0:00:51]} 52. Rd3 {[%clk 0:02:21]} Rxd3+
{[%clk 0:01:13]} 53. Bxd3 {[%clk 0:02:46]} fxe5 {[%clk 0:01:36]} 54. Kf3
{[%clk 0:03:11]} Ke7 {[%clk 0:01:55]} 55. Ke4 {[%clk 0:03:35]} Ke6
{[%clk 0:00:34]} 56. h4 {[%clk 0:03:53]} Kf6 {[%clk 0:00:36]} 57. Bc4
{[%clk 0:04:15]} b6 {[%clk 0:00:48]} 58. Be2 {[%clk 0:04:03]} Ke6
{[%clk 0:00:32]} 59. Bf1 {[%clk 0:04:20]} Kf6 {[%clk 0:00:59]} 60. Bc4
{[%clk 0:04:44]} b5 {[%clk 0:00:35]} 61. Bxb5 {[%clk 0:05:09]} Kg6
{[%clk 0:00:35]} 62. Kxe5 {[%clk 0:05:24]} Kf7 {[%clk 0:00:35]} 63. Kf5
{[%clk 0:05:38]} Kg7 {[%clk 0:01:04]} 64. Bc4 {[%clk 0:06:00]} Kh7
{[%clk 0:01:09]} 65. Kf6 {[%clk 0:06:24]} Kh8 {[%clk 0:01:18]} 66. Bd3
{[%clk 0:06:49]} 1-0

[Event "English Womens Championship"]
[Site "Park Inn by Radisson, West Bromwich"]
[Date "2016.07.17"]
[Round "4.3"]
[White "Keen, Cosima C"]
[Black "Grigoryan, Meri"]
[Result "0-1"]
[BlackElo "1996"]
[WhiteElo "1918"]
[LiveChessVersion "1.4.8"]

1. d4 {[%clk 1:30:53]} d5 {[%clk 1:30:56]} 2. Nf3 {[%clk 1:31:18]} c5
{[%clk 1:30:41]} 3. c3 {[%clk 1:31:21]} e6 {[%clk 1:30:14]} 4. Bf4
{[%clk 1:31:35]} Nc6 {[%clk 1:30:33]} 5. e3 {[%clk 1:31:49]} Nf6 {[%clk 1:29:15]}
6. Bd3 {[%clk 1:30:00]} Qb6 {[%clk 1:24:29]} 7. Qb3 {[%clk 1:28:47]} c4
{[%clk 1:19:39]} 8. Qxb6 {[%clk 1:29:05]} axb6 {[%clk 1:20:07]} 9. Bc2
{[%clk 1:28:47]} b5 {[%clk 1:20:12]} 10. O-O {[%clk 1:25:29]} Nh5
{[%clk 1:16:02]} 11. Bg3 {[%clk 1:16:33]} Nxg3 {[%clk 1:07:05]} 12. fxg3
{[%clk 1:13:39]} Be7 {[%clk 1:05:42]} 13. Nbd2 {[%clk 0:59:08]} O-O
{[%clk 1:04:49]} 14. a3 {[%clk 0:56:16]} f5 {[%clk 0:59:50]} 15. Rfb1
{[%clk 0:53:21]} Ra7 {[%clk 0:58:54]} 16. b4 {[%clk 0:43:42]} Bd7
{[%clk 0:57:39]} 17. Rb2 {[%clk 0:42:17]} g5 {[%clk 0:47:07]} 18. Kh1
{[%clk 0:40:13]} g4 {[%clk 0:43:46]} 19. Ng1 {[%clk 0:38:09]} Rfa8
{[%clk 0:33:13]} 20. Rba2 {[%clk 0:37:30]} Bxb4 {[%clk 0:32:20]} 21. cxb4
{[%clk 0:37:38]} Nxb4 {[%clk 0:32:46]} 22. Rb2 {[%clk 0:37:49]} Nxc2
{[%clk 0:33:08]} 23. Rxc2 {[%clk 0:38:18]} Rxa3 {[%clk 0:33:33]} 24. Rxa3
{[%clk 0:36:01]} Rxa3 {[%clk 0:34:01]} 25. Nb1 {[%clk 0:36:15]} Rb3
{[%clk 0:27:06]} 26. Nc3 {[%clk 0:36:04]} b4 {[%clk 0:27:13]} 27. Na2
{[%clk 0:35:06]} Rb1 {[%clk 0:27:32]} 28. Re2 {[%clk 0:34:58]} b3
{[%clk 0:25:49]} 29. Nc3 {[%clk 0:34:57]} Rc1 {[%clk 0:26:12]} 0-1

[Event "English Womens Championship"]
[Site "Park Inn by Radisson, West Bromwich"]
[Date "2016.07.17"]
[Round "5.1"]
[White "Grigoryan, Meri"]
[Black "Bhatia, Kanwal K"]
[Result "0-1"]
[BlackElo "2099"]
[WhiteElo "1996"]
[LiveChessVersion "1.4.8"]

1. d4 {[%clk 1:30:59]} Nf6 {[%clk 1:30:54]} 2. Nf3 {[%clk 1:31:23]} c5
{[%clk 1:31:18]} 3. e3 {[%clk 1:31:39]} g6 {[%clk 1:31:11]} 4. Bd3
{[%clk 1:30:39]} Bg7 {[%clk 1:31:27]} 5. b3 {[%clk 1:30:39]} cxd4
{[%clk 1:30:38]} 6. exd4 {[%clk 1:30:33]} d5 {[%clk 1:30:46]} 7. O-O
{[%clk 1:30:07]} Nc6 {[%clk 1:30:35]} 8. Bb2 {[%clk 1:29:46]} O-O
{[%clk 1:30:25]} 9. Nbd2 {[%clk 1:29:32]} Nb4 {[%clk 1:28:53]} 10. Be2
{[%clk 1:29:07]} Bf5 {[%clk 1:28:39]} 11. Ne1 {[%clk 1:25:01]} Rc8
{[%clk 1:25:27]} 12. c3 {[%clk 1:24:58]} Nc6 {[%clk 1:25:22]} 13. Bd3
{[%clk 1:23:54]} Bxd3 {[%clk 1:17:43]} 14. Nxd3 {[%clk 1:24:22]} Qd6
{[%clk 1:17:19]} 15. Re1 {[%clk 1:22:52]} Nd7 {[%clk 1:08:36]} 16. f4
{[%clk 1:17:48]} Rfe8 {[%clk 0:59:40]} 17. Qg4 {[%clk 1:14:49]} Nf6
{[%clk 0:56:58]} 18. Qh4 {[%clk 1:12:32]} Nh5 {[%clk 0:45:29]} 19. Re2
{[%clk 0:45:46]} Qf6 {[%clk 0:37:48]} 20. Qf2 {[%clk 0:43:41]} Qf5
{[%clk 0:37:24]} 21. Qf3 {[%clk 0:42:16]} Nf6 {[%clk 0:35:18]} 22. h3
{[%clk 0:40:57]} h5 {[%clk 0:30:20]} 23. Rae1 {[%clk 0:39:13]} Bh6
{[%clk 0:28:29]} 24. Nf1 {[%clk 0:32:43]} h4 {[%clk 0:26:48]} 25. Bc1
{[%clk 0:28:04]} Rc7 {[%clk 0:22:09]} 26. Kh2 {[%clk 0:26:51]} Nh5
{[%clk 0:16:04]} 27. Rd1 {[%clk 0:25:30]} Nf6 {[%clk 0:10:28]} 28. Ne3
{[%clk 0:20:54]} Qc8 {[%clk 0:09:52]} 29. Nxd5 {[%clk 0:15:18]} Nxd5
{[%clk 0:10:16]} 30. Qxd5 {[%clk 0:15:44]} e6 {[%clk 0:10:33]} 31. Qe4
{[%clk 0:14:27]} Ne7 {[%clk 0:10:24]} 32. Rc2 {[%clk 0:13:21]} Rxc3
{[%clk 0:08:28]} 33. Rxc3 {[%clk 0:10:36]} Qxc3 {[%clk 0:08:53]} 34. Bb2
{[%clk 0:10:02]} Qc6 {[%clk 0:08:50]} 35. Qe5 {[%clk 0:08:42]} Qd5
{[%clk 0:07:58]} 36. Qf6 {[%clk 0:07:48]} Nf5 {[%clk 0:07:01]} 37. Qe5
{[%clk 0:05:05]} Rd8 {[%clk 0:06:19]} 38. Qe1 {[%clk 0:03:11]} Qd6
{[%clk 0:04:51]} 39. Qf2 {[%clk 0:03:05]} Bg7 {[%clk 0:04:20]} 40. Ne5
{[%clk 0:03:08]} Rc8 {[%clk 0:03:04]} 41. Qf3 {[%clk 0:03:17]} Qb6
{[%clk 0:02:29]} 42. Qd3 {[%clk 0:02:20]} Qa5 {[%clk 0:02:04]} 43. Nc4
{[%clk 0:02:18]} Qd5 {[%clk 0:02:15]} 44. Ne5 {[%clk 0:02:05]} Bh6
{[%clk 0:02:32]} 45. Rf1 {[%clk 0:01:50]} Rd8 {[%clk 0:02:33]} 46. Ng4
{[%clk 0:01:55]} Bg7 {[%clk 0:02:42]} 47. Rd1 {[%clk 0:02:05]} Nxd4
{[%clk 0:02:27]} 48. Bxd4 {[%clk 0:01:32]} Qxd4 {[%clk 0:02:50]} 49. Qxd4
{[%clk 0:01:13]} Rxd4 {[%clk 0:03:15]} 50. Rf1 {[%clk 0:01:29]} Rd2
{[%clk 0:02:30]} 51. Rf2 {[%clk 0:01:57]} Rxf2 {[%clk 0:02:16]} 52. Nxf2
{[%clk 0:02:26]} Bd4 {[%clk 0:02:40]} 53. Nd3 {[%clk 0:01:25]} f6
{[%clk 0:02:43]} 54. g4 {[%clk 0:01:42]} hxg3+ {[%clk 0:03:03]} 55. Kxg3
{[%clk 0:02:11]} Kf7 {[%clk 0:02:55]} 56. Kg4 {[%clk 0:02:12]} e5
{[%clk 0:02:21]} 57. fxe5 {[%clk 0:02:19]} Bxe5 {[%clk 0:02:45]} 58. Nc5
{[%clk 0:01:57]} b6 {[%clk 0:02:52]} 59. Nd3 {[%clk 0:02:07]} Ke6
{[%clk 0:02:50]} 60. Ne1 {[%clk 0:01:10]} Kd5 {[%clk 0:02:57]} 61. Nf3
{[%clk 0:01:13]} Ke4 {[%clk 0:02:45]} 62. Nd2+ {[%clk 0:00:42]} Kd3
{[%clk 0:02:56]} 63. Nf3 {[%clk 0:00:42]} Bc3 {[%clk 0:02:38]} 64. Nh4
{[%clk 0:00:58]} g5 {[%clk 0:02:42]} 65. Nf5 {[%clk 0:01:18]} Kc2
{[%clk 0:02:28]} 66. Ne3+ {[%clk 0:01:43]} Kb2 {[%clk 0:01:55]} 67. Nd5
{[%clk 0:02:11]} Be5 {[%clk 0:01:16]} 68. Kf5 {[%clk 0:00:35]} Kxa2
{[%clk 0:01:37]} 69. Nxf6 {[%clk 0:00:58]} Bxf6 {[%clk 0:01:52]} 70. Kxf6
{[%clk 0:01:12]} Kxb3 {[%clk 0:02:16]} 71. Ke5 0-1

[Event "English Womens Championship"]
[Site "Park Inn by Radisson, West Bromwich"]
[Date "2016.07.17"]
[Round "5.2"]
[White "Sarakauskiene, Zivile"]
[Black "Keen, Cosima C"]
[Result "1-0"]
[BlackElo "1918"]
[WhiteElo "2132"]
[LiveChessVersion "1.4.8"]

1. e4 {[%clk 1:30:57]} c6 {[%clk 1:30:54]} 2. d4 {[%clk 1:31:14]} d5
{[%clk 1:31:20]} 3. Nd2 {[%clk 1:31:38]} dxe4 {[%clk 1:31:43]} 4. Nxe4
{[%clk 1:32:05]} Bf5 {[%clk 1:32:06]} 5. Ng3 {[%clk 1:32:31]} Bg6
{[%clk 1:32:31]} 6. h4 {[%clk 1:32:57]} h6 {[%clk 1:32:58]} 7. Nf3
{[%clk 1:31:04]} Nd7 {[%clk 1:33:19]} 8. h5 {[%clk 1:31:04]} Bh7 {[%clk 1:33:48]}
9. Bd3 {[%clk 1:31:27]} Bxd3 {[%clk 1:34:11]} 10. Qxd3 {[%clk 1:31:54]} e6
{[%clk 1:34:35]} 11. Bf4 {[%clk 1:31:06]} Qa5+ {[%clk 1:34:42]} 12. Bd2
{[%clk 1:31:33]} Bb4 {[%clk 1:34:59]} 13. c3 {[%clk 1:31:09]} Be7
{[%clk 1:35:25]} 14. a3 {[%clk 1:29:16]} Ngf6 {[%clk 1:35:07]} 15. c4
{[%clk 1:26:41]} Qc7 {[%clk 1:35:12]} 16. O-O-O {[%clk 1:22:49]} O-O
{[%clk 1:33:17]} 17. Ne4 {[%clk 1:22:45]} Nxe4 {[%clk 1:33:26]} 18. Qxe4
{[%clk 1:23:13]} Nf6 {[%clk 1:33:30]} 19. Qe2 {[%clk 1:23:33]} b5
{[%clk 1:33:11]} 20. c5 {[%clk 1:19:29]} a5 {[%clk 1:32:27]} 21. Kb1
{[%clk 1:15:41]} Nd5 {[%clk 1:31:52]} 22. Ne5 {[%clk 1:11:46]} Qb7
{[%clk 1:12:11]} 23. Rh3 {[%clk 0:47:19]} Bf6 {[%clk 1:09:23]} 24. f4
{[%clk 0:31:22]} a4 {[%clk 1:07:26]} 25. g4 {[%clk 0:29:52]} b4 {[%clk 0:58:56]}
26. axb4 {[%clk 0:26:23]} Nxb4 {[%clk 0:57:54]} 27. Bxb4 {[%clk 0:23:42]} Bxe5
{[%clk 0:58:22]} 28. fxe5 {[%clk 0:18:42]} Qxb4 {[%clk 0:58:47]} 29. Qd2
{[%clk 0:17:12]} Qc4 {[%clk 0:56:22]} 30. g5 {[%clk 0:12:35]} a3 {[%clk 0:50:10]}
31. b3 {[%clk 0:12:43]} Rfb8 {[%clk 0:48:16]} 32. Ka2 {[%clk 0:12:43]} Qd5
{[%clk 0:47:18]} 33. gxh6 {[%clk 0:12:57]} gxh6 {[%clk 0:41:04]} 34. Rg1+
{[%clk 0:13:07]} Kh7 {[%clk 0:41:10]} 35. Qf4 {[%clk 0:09:34]} Rg8
{[%clk 0:38:12]} 36. Qxf7+ {[%clk 0:09:23]} Kh8 {[%clk 0:38:41]} 37. Rhg3
{[%clk 0:08:23]} Rg5 {[%clk 0:34:45]} 38. Rxg5 {[%clk 0:08:42]} hxg5
{[%clk 0:34:49]} 39. Qf6+ {[%clk 0:08:44]} Kh7 {[%clk 0:35:06]} 40. Qg6+
{[%clk 0:09:07]} Kh8 {[%clk 0:35:33]} 41. Qh6+ {[%clk 0:09:31]} Kg8
{[%clk 0:35:46]} 42. Rxg5+ {[%clk 0:09:56]} Kf7 {[%clk 0:36:12]} 43. Rg7+
{[%clk 0:10:19]} Ke8 {[%clk 0:36:33]} 44. Qh8# {[%clk 0:10:44]} 1-0

[Event "English Womens Championship"]
[Site "Park Inn by Radisson, West Bromwich"]
[Date "2016.07.17"]
[Round "5.3"]
[White "Longson, Sarah N"]
[Black "Lauterbach, Ingrid"]
[Result "1/2-1/2"]
[BlackElo "2107"]
[WhiteElo "2117"]
[LiveChessVersion "1.4.8"]

1. e4 {[%clk 1:30:59]} g6 {[%clk 1:30:53]} 2. d4 {[%clk 1:31:23]} Bg7
{[%clk 1:31:13]} 3. Nc3 {[%clk 1:28:41]} d6 {[%clk 1:31:23]} 4. f4
{[%clk 1:28:39]} e5 {[%clk 1:27:03]} 5. Nf3 {[%clk 1:20:37]} exd4
{[%clk 1:23:58]} 6. Nxd4 {[%clk 1:20:48]} Nc6 {[%clk 1:22:38]} 7. Be3
{[%clk 1:16:01]} Nge7 {[%clk 1:20:43]} 8. Bc4 {[%clk 1:12:43]} O-O
{[%clk 1:20:51]} 9. O-O {[%clk 1:02:03]} Na5 {[%clk 0:57:24]} 10. Be2
{[%clk 0:59:14]} d5 {[%clk 0:54:49]} 11. exd5 {[%clk 0:56:55]} Nxd5
{[%clk 0:54:00]} 12. Nxd5 {[%clk 0:56:45]} Qxd5 {[%clk 0:53:38]} 13. Bf3
{[%clk 0:49:05]} Qd8 {[%clk 0:52:56]} 14. c3 {[%clk 0:40:35]} Nc4
{[%clk 0:51:13]} 15. Bf2 {[%clk 0:38:27]} c6 {[%clk 0:46:30]} 16. Qe2
{[%clk 0:35:41]} Nd6 {[%clk 0:45:15]} 17. Rad1 {[%clk 0:34:32]} Qc7
{[%clk 0:45:14]} 18. Rfe1 {[%clk 0:29:02]} Nf5 {[%clk 0:42:49]} 19. Nb3
{[%clk 0:28:38]} Be6 {[%clk 0:35:40]} 20. Nc5 {[%clk 0:27:07]} Rfe8
{[%clk 0:29:37]} 21. Nxe6 {[%clk 0:24:52]} Rxe6 {[%clk 0:29:35]} 22. Qc4
{[%clk 0:21:14]} Rae8 {[%clk 0:27:49]} 23. Rxe6 {[%clk 0:21:01]} Rxe6
{[%clk 0:28:14]} 24. Qa4 {[%clk 0:19:37]} a5 {[%clk 0:21:41]} 25. g3
{[%clk 0:16:26]} b5 {[%clk 0:21:36]} 26. Qb3 {[%clk 0:16:16]} a4 {[%clk 0:21:12]}
27. Qa3 {[%clk 0:15:18]} Ne3 {[%clk 0:19:48]} 28. Bxe3 {[%clk 0:10:43]} Rxe3
{[%clk 0:20:11]} 29. Qc5 {[%clk 0:06:30]} Re6 {[%clk 0:20:19]} 30. Kg2
{[%clk 0:06:29]} Bf8 {[%clk 0:19:15]} 31. Qd4 {[%clk 0:05:46]} h5
{[%clk 0:11:06]} 32. f5 {[%clk 0:05:22]} Rd6 {[%clk 0:10:35]} 33. Qf4
{[%clk 0:04:57]} Qd7 {[%clk 0:10:03]} 34. Rxd6 {[%clk 0:05:02]} Bxd6
{[%clk 0:10:08]} 35. Qd4 {[%clk 0:05:04]} c5 {[%clk 0:09:57]} 36. Qd3
{[%clk 0:04:49]} gxf5 {[%clk 0:07:54]} 37. Bxh5 {[%clk 0:05:10]} Qe6
{[%clk 0:07:58]} 38. Qxb5 {[%clk 0:04:43]} Qxa2 {[%clk 0:07:30]} 39. Qe8+
{[%clk 0:03:19]} Bf8 {[%clk 0:07:50]} 40. Kh3 {[%clk 0:02:33]} Qc4
{[%clk 0:07:19]} 41. Be2 {[%clk 0:02:02]} Qe6 {[%clk 0:05:20]} 42. Qxe6
{[%clk 0:02:17]} fxe6 {[%clk 0:05:46]} 43. Bb5 {[%clk 0:02:37]} Kf7
{[%clk 0:05:55]} 44. Bxa4 {[%clk 0:03:02]} Kf6 {[%clk 0:06:21]} 45. Kg2
{[%clk 0:03:19]} e5 {[%clk 0:06:39]} 46. Kf3 {[%clk 0:03:27]} e4+
{[%clk 0:07:04]} 47. Kf2 {[%clk 0:03:17]} Ke5 {[%clk 0:07:11]} 48. Bd7
{[%clk 0:02:47]} f4 {[%clk 0:04:09]} 49. gxf4+ {[%clk 0:03:03]} Kxf4
{[%clk 0:04:34]} 50. h4 {[%clk 0:03:07]} Be7 {[%clk 0:04:02]} 51. h5
{[%clk 0:03:17]} Kg5 {[%clk 0:04:04]} 52. Be8 {[%clk 0:03:36]} Bf8
{[%clk 0:03:52]} 53. Ke3 {[%clk 0:03:51]} Kh6 {[%clk 0:03:15]} 54. Kxe4
{[%clk 0:03:33]} Kg7 {[%clk 0:03:39]} 55. Kd5 {[%clk 0:03:27]} Be7
{[%clk 0:03:54]} 56. Ke6 {[%clk 0:03:38]} Bf8 {[%clk 0:04:16]} 57. b3
{[%clk 0:03:53]} Kh7 {[%clk 0:03:54]} 58. Bg6+ {[%clk 0:03:32]} Kg7
{[%clk 0:03:23]} 59. Kd5 {[%clk 0:03:55]} Be7 {[%clk 0:03:44]} 60. Kc4
{[%clk 0:04:10]} Bf8 {[%clk 0:04:05]} 61. Kd5 {[%clk 0:04:01]} Be7
{[%clk 0:04:28]} 62. Kc4 {[%clk 0:03:46]} Bf8 {[%clk 0:04:47]} 63. b4
{[%clk 0:04:13]} cxb4 {[%clk 0:05:11]} 64. cxb4 {[%clk 0:04:39]} Bxb4
{[%clk 0:05:37]} 65. Kxb4 1/2-1/2